000 00219nam a2200085Ia 4500
008 180219s9999 xx 000 0 und d
100 _aGoyal Shivkumar
245 0 _aMain Sawarker Bol Raha Hoon
260 _a"New Delhi
260 _c Prabhat Paper Waxe"
999 _c42671
_d42671